| 000 | 01309nam a2200229Ia 4500 | ||
|---|---|---|---|
| 003 | Ost | ||
| 005 | 20260507075251.0 | ||
| 008 | 260507s9999||||xx |||||||||||||| ||und|| | ||
| 020 | _a9789957122669 | ||
| 040 | _cfsecg | ||
| 041 | _aara | ||
| 082 | _a330 | ||
| 100 |
_aالجواري، مناضل _eمؤلف |
||
| 245 | 0 |
_aالاقتصاد الرياضي / _c مناضل الجواري |
|
| 260 |
_aعمان: _bدار اليازوري, _c2010 |
||
| 300 |
_a272 صفحة؛ _bإيضاحات ؛ _c24 سم |
||
| 504 | _aمراجع ص.271 ؛ جداول ص.11 ؛ اشكال بيانية ص.9 | ||
| 520 | _aمدخل للاقتصاد الرياضي و الاقتصاد القياسي ، المصفوفات و استخدامها في حل نماذج التوازنات الاقتصادية ، الضرائب و أثرها في التوازن الاقتصادي ، جدول المستخدم ــ المنتج أو جدول ليونيتيف ، طرق حل المعادلة الخطية ، المرونات و الأمثلية ، دوال الانتاج و التجانس ، التحليل الديناميكي و البرمجة الخطية مع وجود أسئلة و تمارين عند نهاية كل فصل . | ||
| 653 | _aالاقتصاد | ||
| 653 | _aالاقتصاد الرياضي | ||
| 942 | _cكتاب | ||
| 999 |
_c43692 _d43692 |
||